000 00456nam a2200169Ia 4500
001 62296
008 170801n ii |||gr||||Z||||||465
020 _a978-0-141-18494-4
082 _a824
100 _aCarson, Rachel,
_eAuthor.
245 0 _aSilent Spring
_cRachel Carson
_hTextual Documents
260 _aLondon:
_bpenguin Books.
300 _a323p:
_c22cm.
653 _aEnglish essays - English Literature
653 _aG - English
942 _2ddc
_cBK
999 _c63403
_d63403